England Euro 2016 Squad - Statistics

General Stats
  • This quiz has been taken 22 times
  • The average score is 15 of 23
Answer Stats
Number Team Position Answer % Correct
1 Manchester City GK Joe Hart
100%
9 Tottenham ST Harry Kane
94%
11 Leicester City ST Jamie Vardy
94%
14 Liverpool CM Jordan Henderson
83%
2 Tottenham RB Kyle Walker
83%
10 Manchester United ST Wayne Rooney
78%
3 Tottenham LB Danny Rose
72%
5 Chelsea CB Gary Cahill
72%
7 Manchester City LM Raheem Sterling
72%
15 Liverpool ST Daniel Sturridge
67%
20 Tottenham CAM Dele Alli
67%
18 Arsenal CM Jack Wilshere
67%
4 Liverpool CM James Milner
67%
22 Manchester United RM Marcus Rashford
67%
6 Manchester United CB Chris Smalling
61%
17 Tottenham DM Eric Dier
61%
12 Liverpool RB Nathaniel Clyne
56%
8 Liverpool CAM Adam Lallana
50%
16 Everton CB John Stones
44%
13 Southampton GK Fraser Forster
39%
19 Everton CM Ross Barkley
39%
21 Southampton LB Ryan Bertrand
28%
23 Burnley GK Tom Heaton
22%
No matching quizzes found
Score Distribution
Percent of People with Each Score
Percentile by Number Answered
Your Score History
You have not taken this quiz